Cartells de la Col·lecció Fornas : producció gràfica de la Segona República i la Guerra Civil producció gràfica de la Segona República i la Guerra Civil
Descripción Física:
303 p. : il. col. ; 31 cm
MARC
| LEADER | 00000nam a2200000Ia 4500 | ||
|---|---|---|---|
| 001 | 17937 | ||
| 008 | 160829s2006 xx 000 0 cat d | ||
| 080 | |a FOL-2-126 | ||
| 245 | |a Cartells de la Col·lecció Fornas : |b producció gràfica de la Segona República i la Guerra Civil | ||
| 250 | |a Ed. no venal | ||
| 260 | |a Barcelona : |b Parlament de Catalunya, |c 2006 | ||
| 300 | |a 303 p. : |b il. col. ; |c 31 cm | ||
| 650 | |a Fornas i Martínez, Josep |x Catàlegs |9 37698 | ||
| 650 | |a Espanya |x Història |x 1931/1939, Segona República |x Cartells |9 37699 | ||
| 650 | |a Espanya |x Història |x 1936/1939, Guerra Civil |x Cartells |9 37700 | ||
| 710 | 1 | |a Catalunya. |b Parlament |9 11492 | |
| 901 | |a Arxiu | ||
| 942 | |n 1 | ||
| 952 | |0 0 |1 0 |4 0 |6 FOL2126 |7 1 |9 48005 |a Arxiu |b Arxiu |d 2016-12-01 |l 0 |o FOL-2-126 |p 17937 |r 2016-12-01 00:00:00 |w 2016-12-01 |y ARXIU | ||
| 999 | |c 51806 |d 51806 | ||